Every Gem/Metal discussed in Smithsonian's Definitive Gem Visual Guide - Statistics

General Stats
  • This quiz has been taken 13 times
  • The average score is 18 of 112
Answer Stats
Answer % Correct
Diamond
100%
Ruby
100%
Emerald
88%
Sapphire
88%
Gold
75%
Silver
75%
Garnet
63%
Opal
63%
Pearl
63%
Copper
50%
Jade
50%
Platinum
50%
Quartz
50%
Topaz
50%
Turquoise
50%
Zircon
50%
Agate
38%
Amber
38%
Beryl
38%
Jet
38%
Lapis
38%
Limestone
38%
Malachite
38%
Marble
38%
Obsidian
38%
Onyx
38%
Tourmaline
38%
Coral
25%
Granite
25%
Hematite
25%
Moonstone
25%
Peridot
25%
Sandstone
25%
Anthracite
13%
Azurite
13%
Calcite
13%
Fluorite
13%
Gypsum
13%
Iolite
13%
Pyrite
13%
Rhodonite
13%
Serpentine
13%
Shell
13%
Soapstone
13%
Sunstone
13%
Alabaster
0%
Albite
0%
Amblygonite
0%
Ammolite
0%
Andalusite
0%
Apatite
0%
Aragonite
0%
Axinite
0%
Baryte
0%
Benitoite
0%
Brazilianite
0%
Bronzite
0%
Bytownite
0%
Cassiterite
0%
Celestine
0%
Cerussite
0%
Chalcedony
0%
Chrysoberyl
0%
Chrysocolla
0%
Copal
0%
Cuprite
0%
Danburite
0%
Diaspore
0%
Diopside
0%
Dioptase
0%
Dumortierite
0%
Enstatite
0%
Epidote
0%
Euclase
0%
Hauyne
0%
Hiddenite
0%
Howlite
0%
Hypersthene
0%
Kornerupine
0%
Kunzite
0%
Kyanite
0%
Labradorite
0%
Lazulite
0%
Microline
0%
Moldavite
0%
Mother of Pearl
0%
Orthoclase
0%
Peanut Wood
0%
Pectolite
0%
Petalite
0%
Pezzottaite
0%
Phenakite
0%
Phosphophyllite
0%
Pollucite
0%
Prehnite
0%
Rhodochrosite
0%
Rutile
0%
Scapolite
0%
Scheelite
0%
Sepiolite
0%
Sillimanite
0%
Smithsonite
0%
Sodalite
0%
Sphalerite
0%
Spinel
0%
Staurolite
0%
Sugilite
0%
Taaffeite
0%
Titanite
0%
Variscite
0%
Vesuvianite
0%
Zoisite
0%
No matching quizzes found
Score Distribution
Percent of People with Each Score
Percentile by Number Answered
Your Score History
You have not taken this quiz